[Event "Ballarat Begonia Open"]
[Site "BallaratTechSchool"]
[Date "2020.03.07"]
[Round "1.1"]
[White "Ilic, Goran"]
[Black "Zhao, Zong Yuan"]
[Result "0-1"]
[WhiteElo "1616"]
[BlackElo "2524"]
[PlyCount "76"]
[EventDate "2020.03.??"]
[EventType "swiss"]
[EventRounds "7"]
[EventCountry "AUS"]
[SourceVersionDate "2020.03.07"]

1. e4 c5 2. Nc3 Nc6 3. g3 g6 4. Bg2 Bg7 5. Nge2 d6 6. d3 Rb8 7. O-O b5 8. a3
Nf6 9. f4 Bd7 10. Bd2 O-O 11. Rb1 a5 12. Nd5 Nxd5 13. exd5 Nd4 14. Nxd4 Bxd4+
15. Kh1 b4 16. axb4 cxb4 17. c3 Bf6 18. Be4 Qb6 19. Qe1 Rfc8 20. Be3 Qd8 21. c4
a4 22. Qe2 Qa5 23. f5 a3 24. fxg6 hxg6 25. d4 axb2 26. Rxb2 b3 27. Qd3 Bh3 28.
Rfb1 Qa4 29. Bxg6 Qxc4 30. Bxf7+ Kxf7 31. Qh7+ Ke8 32. Qxh3 Qxd5+ 33. Qg2 Qe6
34. Bg1 Rc3 35. Qd2 Rbc8 36. Bf2 Rc2 37. Qe3 Qd5+ 38. Kg1 Bxd4 0-1

[Event "Ballarat Begonia Open"]
[Site "BallaratTechSchool"]
[Date "2020.03.07"]
[Round "1.2"]
[White "Ly, Moulthun"]
[Black "Prakash, Satya"]
[Result "1-0"]
[WhiteElo "2479"]
[BlackElo "1607"]
[PlyCount "45"]
[EventDate "2020.03.??"]
[EventType "swiss"]
[EventRounds "7"]
[EventCountry "AUS"]
[SourceVersionDate "2020.03.07"]

1. e4 c6 2. d4 d5 3. e5 c5 4. dxc5 Nc6 5. Bb5 e6 6. Qg4 Bd7 7. Bxc6 Bxc6 8. Nf3
Qa5+ 9. b4 Qc7 10. a4 a6 11. O-O Nh6 12. Bxh6 gxh6 13. Nbd2 Be7 14. c4 dxc4 15.
Nxc4 O-O-O 16. b5 Rdg8 17. Qf4 Bd5 18. Nb6+ Kd8 19. Rfd1 Qxc5 20. Nxd5 exd5 21.
Rac1 Bg5 22. Nxg5 hxg5 23. Qf6+ 1-0

[Event "Ballarat Begonia Open"]
[Site "BallaratTechSchool"]
[Date "2020.03.07"]
[Round "1.3"]
[White "Cook, Patrick"]
[Black "Fernandez, Daniel Howard"]
[Result "0-1"]
[WhiteElo "1590"]
[BlackElo "2477"]
[PlyCount "98"]
[EventDate "2020.03.??"]
[EventType "swiss"]
[EventRounds "7"]
[EventCountry "AUS"]
[SourceVersionDate "2020.03.07"]

1. d4 e6 2. c4 Bb4+ 3. Nc3 d5 4. e3 Ne7 5. Qc2 b6 6. Nf3 a5 7. a3 Bxc3+ 8. Qxc3
Ba6 9. Be2 a4 10. O-O O-O 11. Qc2 Nf5 12. cxd5 Bxe2 13. Qxe2 Qxd5 14. Bd2 Nd7
15. Rac1 Rfc8 16. Rc2 Nd6 17. Rfc1 c5 18. dxc5 bxc5 19. Bc3 Ne4 20. Rd1 Qb7 21.
Nd2 Nxc3 22. bxc3 Ne5 23. Rb1 Qc6 24. Nc4 Nxc4 25. Qxc4 h5 26. h4 Rab8 27. Rcb2
Rxb2 28. Rxb2 Rd8 29. Rb1 Kh7 30. Qe2 Qd5 31. c4 Qf5 32. Rb5 Kg6 33. Qf3 Qe5
34. Qg3+ Qxg3 35. fxg3 Rd3 36. Kf2 Rxa3 37. Rxc5 Rc3 38. Ke2 Rc2+ 39. Kd3 Rxg2
40. Ra5 Rxg3 41. c5 Kf6 42. Rxa4 Rg4 43. Rxg4 hxg4 44. Ke4 e5 45. h5 Ke6 46.
Kd3 Kd5 47. e4+ Kxc5 48. Ke3 Kc4 49. Kf2 Kd4 0-1

[Event "Ballarat Begonia Open"]
[Site "BallaratTechSchool"]
[Date "2020.03.07"]
[Round "1.4"]
[White "Morris, James"]
[Black "Brotheridge, Jamie"]
[Result "1-0"]
[WhiteElo "2475"]
[BlackElo "1570"]
[PlyCount "59"]
[EventDate "2020.03.??"]
[EventType "swiss"]
[EventRounds "7"]
[EventCountry "AUS"]
[SourceVersionDate "2020.03.07"]

1. e4 c6 2. d4 d5 3. Nc3 dxe4 4. Nxe4 Bf5 5. Ng3 Bg6 6. Nh3 h6 7. Nf4 Bh7 8.
Bc4 Nf6 9. O-O e6 10. Re1 Be7 11. Bxe6 O-O 12. Bf5 Nbd7 13. c3 Bd6 14. Bxh7+
Kxh7 15. Nf5 Bxf4 16. Bxf4 Nd5 17. Bg3 N7f6 18. c4 Nc7 19. Qd3 Kh8 20. Be5 Ne6
21. Rad1 Nd7 22. Bd6 Re8 23. d5 cxd5 24. cxd5 Ng5 25. Be7 Qb6 26. Bxg5 hxg5 27.
Qh3+ Kg8 28. d6 Qxb2 29. Ne7+ Rxe7 30. dxe7 1-0

[Event "Ballarat Begonia Open"]
[Site "BallaratTechSchool"]
[Date "2020.03.07"]
[Round "1.5"]
[White "Nemeth, Laszlo"]
[Black "McClymont, Brodie"]
[Result "0-1"]
[WhiteElo "1549"]
[BlackElo "2410"]
[PlyCount "36"]
[EventDate "2020.03.??"]
[EventType "swiss"]
[EventRounds "7"]
[EventCountry "AUS"]
[SourceVersionDate "2020.03.07"]

1. d4 Nf6 2. Bf4 g6 3. e3 d6 4. Nf3 Nh5 5. Bg3 Bg7 6. Bd3 O-O 7. Nbd2 c5 8. Qe2
cxd4 9. exd4 Nc6 10. c3 e5 11. dxe5 dxe5 12. O-O-O Qa5 13. Nc4 Qxa2 14. Bb1
Bh6+ 15. Nfd2 Qa1 16. Na3 Bf5 17. Nc2 Nd4 18. Nxd4 Qxb1# 0-1

[Event "Ballarat Begonia Open"]
[Site "BallaratTechSchool"]
[Date "2020.03.07"]
[Round "1.6"]
[White "Johansen, Darryl K"]
[Black "Coffey, Roud"]
[Result "1-0"]
[WhiteElo "2392"]
[BlackElo "1547"]
[PlyCount "79"]
[EventDate "2020.03.??"]
[EventType "swiss"]
[EventRounds "7"]
[EventCountry "AUS"]
[SourceVersionDate "2020.03.07"]

1. c4 Nf6 2. Nc3 e5 3. Nf3 Nc6 4. e3 d5 5. cxd5 Nxd5 6. Bb5 Nxc3 7. bxc3 Bd6 8.
O-O O-O 9. d4 e4 10. Nd2 Qh4 11. f4 Qe7 12. Be2 Nd8 13. Nc4 b6 14. Nxd6 Qxd6
15. a4 Re8 16. a5 bxa5 17. Rxa5 Nb7 18. Ra6 Qd7 19. Qb3 Nd6 20. Ra5 c6 21. Qa2
Qc7 22. c4 h6 23. Bd2 Bd7 24. Ra1 Reb8 25. Qc2 f5 26. c5 Ne8 27. Bc4+ Kh7 28.
d5 Nf6 29. d6 Qb7 30. Bc3 Nd5 31. Qd2 Nxc3 32. Qxc3 Qb4 33. Qd4 Kh8 34. h3 Rb7
35. R5a4 Qb2 36. Qxb2 Rxb2 37. Rxa7 Rd8 38. Rxd7 Rxd7 39. Ra8+ Kh7 40. Be6 1-0

[Event "Ballarat Begonia Open"]
[Site "BallaratTechSchool"]
[Date "2020.03.07"]
[Round "1.8"]
[White "Solomon, Stephen"]
[Black "Voigt, Gary"]
[Result "1-0"]
[WhiteElo "2308"]
[BlackElo "1530"]
[PlyCount "31"]
[EventDate "2020.03.??"]
[EventType "swiss"]
[EventRounds "7"]
[EventCountry "AUS"]
[SourceVersionDate "2020.03.07"]

1. e4 c5 2. Nf3 Nc6 3. d4 cxd4 4. Nxd4 Nf6 5. Nc3 d6 6. Bg5 Bd7 7. Qd3 Nxd4 8.
Qxd4 Qa5 9. f4 Rc8 10. e5 dxe5 11. fxe5 Ng4 12. O-O-O Qc7 13. e6 fxe6 14. Qxg4
e5 15. Rxd7 Qa5 16. Bb5 1-0

[Event "Ballarat Begonia Open"]
[Site "BallaratTechSchool"]
[Date "2020.03.07"]
[Round "1.9"]
[White "Chen, Paula"]
[Black "Puccini, Jack"]
[Result "0-1"]
[WhiteElo "1513"]
[BlackElo "2287"]
[PlyCount "78"]
[EventDate "2020.03.??"]
[EventType "swiss"]
[EventRounds "7"]
[EventCountry "AUS"]
[SourceVersionDate "2020.03.07"]

1. d4 Nf6 2. Nf3 g6 3. c4 Bg7 4. Nc3 O-O 5. e4 d6 6. Be2 e5 7. O-O Nc6 8. dxe5
dxe5 9. h3 h6 10. Be3 Be6 11. Qc2 Nd4 12. Bxd4 exd4 13. Rad1 Nh5 14. c5 Nf4 15.
Nb5 Qc8 16. Ne1 Rd8 17. Nd3 Nxe2+ 18. Qxe2 Bxa2 19. Nc1 Be6 20. Qd3 a6 21. Na3
Qd7 22. Ne2 Qc6 23. Rc1 f5 24. Ng3 fxe4 25. Nxe4 Bf5 26. Rfe1 Re8 27. f3 Kh7
28. b4 Re7 29. Re2 Rd8 30. Rce1 b6 31. cxb6 Qxb6 32. Nc2 a5 33. bxa5 Qxa5 34.
Qc4 Kh8 35. Kh1 Bc8 36. Qb3 c5 37. Ra1 Qc7 38. Ra4 Qf4 39. Ra2 Be6 0-1

[Event "Ballarat Begonia Open"]
[Site "BallaratTechSchool"]
[Date "2020.03.07"]
[Round "1.36"]
[White "Ooi, Jayden"]
[Black "O'Carroll, Om"]
[Result "1-0"]
[WhiteElo "1599"]
[BlackElo "1236"]
[PlyCount "53"]
[EventDate "2020.03.??"]
[EventType "swiss"]
[EventRounds "7"]
[EventCountry "AUS"]
[SourceVersionDate "2020.03.07"]

1. d4 d5 2. Bf4 Nf6 3. e3 e6 4. Nf3 Bd6 5. Bg3 c5 6. c3 Qc7 7. Nbd2 Nbd7 8. Bd3
O-O 9. O-O Bxg3 10. hxg3 e5 11. Bc2 Re8 12. Rc1 Qd6 13. Ba4 Ng4 14. dxe5 Ngxe5
15. Nxe5 Qxe5 16. Nf3 Qh5 17. c4 dxc4 18. Bxd7 Rd8 19. g4 Qg6 20. Ne5 Qg5 21.
Qd6 Bxd7 22. Nxd7 Qxg4 23. Rfd1 Qg5 24. Qxc5 Qg4 25. Qc7 Qe6 26. Rd6 Qe7 27.
Nf6+ 1-0

[Event "Ballarat Begonia Open"]
[Site "BallaratTechSchool"]
[Date "2020.03.07"]
[Round "1.37"]
[White "Cooper, Joshua"]
[Black "Morris, Byron"]
[Result "0-1"]
[WhiteElo "1233"]
[BlackElo "1793"]
[PlyCount "52"]
[EventDate "2020.03.??"]
[EventType "swiss"]
[EventRounds "7"]
[EventCountry "AUS"]
[SourceVersionDate "2020.03.07"]

1. d4 d6 2. c4 e5 3. d5 f5 4. Nc3 Nf6 5. Bg5 Nbd7 6. Qc2 h6 7. Bxf6 Qxf6 8. e4
Nc5 9. Bd3 Qg6 10. g3 Nxd3+ 11. Qxd3 fxe4 12. Qxe4 Bf5 13. Qe3 Be7 14. Nge2 a6
15. O-O Bh3 16. Rfe1 O-O 17. Ne4 Rf7 18. f4 Raf8 19. Nf2 Bd7 20. Nd3 Bf5 21.
Nf2 Bf6 22. Kh1 Re7 23. Qd2 Be4+ 24. Kg1 Bf3 25. Nd3 e4 26. Nf2 e3 0-1

[Event "Ballarat Begonia Open"]
[Site "BallaratTechSchool"]
[Date "2020.03.07"]
[Round "2.2"]
[White "Harrison, Harrison"]
[Black "Ly, Moulthun"]
[Result "0-1"]
[WhiteElo "1798"]
[BlackElo "2479"]
[PlyCount "77"]
[EventDate "2020.03.??"]
[EventType "swiss"]
[EventRounds "7"]
[EventCountry "AUS"]
[SourceVersionDate "2020.03.07"]

1. c3 g6 2. h3 Bg7 3. b3 c5 4. a3 Nc6 5. d3 d5 6. Bb2 e5 7. Nd2 f5 8. b4 e4 9.
bxc5 e3 10. Nb3 exf2+ 11. Kxf2 Nf6 12. Nf3 O-O 13. g3 Nh5 14. d4 f4 15. g4 Ng3
16. Rg1 Qe7 17. Bc1 Ne4+ 18. Kg2 Nxc3 19. Qd3 Ne4 20. Rb1 h5 21. Kh2 hxg4 22.
hxg4 g5 23. Ne5 f3 24. exf3 Nxe5 25. dxe5 Qxe5+ 26. f4 Rxf4 27. Bxf4 Qxf4+ 28.
Rg3 Be5 29. Bg2 Qxg3+ 30. Qxg3 Bxg3+ 31. Kh3 Bf4 32. Bf3 Nf2+ 33. Kg2 Nxg4 34.
Bxd5+ Kf8 35. Bf3 Ne3+ 36. Kg1 Bf5 37. Ra1 Rd8 38. Bxb7 Rd3 39. Kf2 0-1

[Event "Ballarat Begonia Open"]
[Site "BallaratTechSchool"]
[Date "2020.03.07"]
[Round "2.3"]
[White "Fernandez, Daniel Howard"]
[Black "Ooi, Jayden"]
[Result "1-0"]
[WhiteElo "2477"]
[BlackElo "1599"]
[PlyCount "99"]
[EventDate "2020.03.??"]
[EventType "swiss"]
[EventRounds "7"]
[EventCountry "AUS"]
[SourceVersionDate "2020.03.07"]

1. d4 Nf6 2. Nf3 g6 3. b4 Bg7 4. Bb2 O-O 5. Nbd2 d6 6. e3 b6 7. b5 Bb7 8. a4 c5
9. a5 a6 10. Nc4 Nbd7 11. Nxb6 Nxb6 12. dxc5 Nbd5 13. c6 Bc8 14. c4 axb5 15.
cxd5 Rxa5 16. Rb1 b4 17. Bc4 e6 18. dxe6 fxe6 19. O-O Rc5 20. Qb3 d5 21. Bd3
Rxc6 22. Qxb4 Ba6 23. Qa4 Qa8 24. Ra1 Bb7 25. Qb4 Qc8 26. Ra7 Rf7 27. Ne5 Bf8
28. Qh4 g5 29. Qxg5+ Rg7 30. Qxf6 Be7 31. Qxg7+ Kxg7 32. Nxc6+ Bf6 33. Na5 Bxb2
34. Rxb7+ Kf6 35. Rxb2 Qc3 36. Rb3 Qxa5 37. Bxh7 Qc7 38. Bd3 Qa7 39. g3 d4 40.
exd4 Qxd4 41. Be2 Qd2 42. Rf3+ Ke7 43. Re3 Qd4 44. Kg2 Kf6 45. Kg1 Ke7 46. Bf3
Kf6 47. Kg2 e5 48. Kh1 Qc4 49. Rfe1 Qd4 50. Kg1 1-0

[Event "Ballarat Begonia Open"]
[Site "BallaratTechSchool"]
[Date "2020.03.07"]
[Round "2.4"]
[White "Morris, Byron"]
[Black "Morris, James"]
[Result "0-1"]
[WhiteElo "1793"]
[BlackElo "2475"]
[PlyCount "78"]
[EventDate "2020.03.??"]
[EventType "swiss"]
[EventRounds "7"]
[EventCountry "AUS"]
[SourceVersionDate "2020.03.07"]

1. e4 c5 2. Nc3 Nc6 3. g3 g6 4. Bg2 Bg7 5. d3 d6 6. f4 e6 7. Nge2 Nge7 8. Be3
Nd4 9. O-O O-O 10. Qd2 Rb8 11. Nd1 b5 12. c3 Nxe2+ 13. Qxe2 b4 14. Qd2 Qa5 15.
Rf2 bxc3 16. bxc3 d5 17. e5 Nf5 18. d4 Ba6 19. Bf1 Bxf1 20. Kxf1 h5 21. Re2
Rfc8 22. Bf2 Bf8 23. h3 cxd4 24. cxd4 Qa3 25. Ne3 Bb4 26. Qd1 Bc3 27. Nc2 Qa4
28. Rc1 Bxd4 29. Nxd4 Rxc1 30. Qxc1 Nxd4 31. Bxd4 Qxd4 32. Rc2 Qe4 33. Kf2 Kg7
34. h4 a5 35. Qd1 Qa4 36. Qc1 Qd4+ 37. Kg2 a4 38. Kh2 Qe4 39. Qd1 a3 0-1

[Event "Ballarat Begonia Open"]
[Site "BallaratTechSchool"]
[Date "2020.03.07"]
[Round "2.5"]
[White "McClymont, Brodie"]
[Black "Van Riel, Bas"]
[Result "1-0"]
[WhiteElo "2410"]
[BlackElo "1787"]
[PlyCount "67"]
[EventDate "2020.03.??"]
[EventType "swiss"]
[EventRounds "7"]
[EventCountry "AUS"]
[SourceVersionDate "2020.03.07"]

1. e4 c5 2. Nf3 d6 3. d4 cxd4 4. Nxd4 Nf6 5. Nc3 Nc6 6. Bg5 e6 7. Qd2 Be7 8.
O-O-O a6 9. f4 Qc7 10. Bxf6 Bxf6 11. Nxc6 Qxc6 12. Qxd6 Qxd6 13. Rxd6 Bxc3 14.
bxc3 Ke7 15. Rb6 Rd8 16. Bd3 Rd6 17. Rb3 Rb8 18. e5 Rc6 19. Kd2 h6 20. Rhb1 Kd8
21. Be4 Rc4 22. Rb4 Rc7 23. Rb6 Rc4 24. R1b4 Rxb4 25. cxb4 Kc7 26. Rd6 Bd7 27.
c4 b6 28. Rd3 a5 29. Rg3 g6 30. b5 Bc8 31. Rh3 h5 32. g4 Bb7 33. Bxb7 Kxb7 34.
gxh5 1-0

[Event "Ballarat Begonia Open"]
[Site "BallaratTechSchool"]
[Date "2020.03.07"]
[Round "2.6"]
[White "Wang, Ruicheng"]
[Black "Johansen, Darryl K"]
[Result "0-1"]
[WhiteElo "1754"]
[BlackElo "2392"]
[PlyCount "94"]
[EventDate "2020.03.??"]
[EventType "swiss"]
[EventRounds "7"]
[EventCountry "AUS"]
[SourceVersionDate "2020.03.07"]

1. e4 c5 2. Nf3 e6 3. g3 Nc6 4. Bg2 Nge7 5. O-O d5 6. exd5 Nxd5 7. Nc3 Nxc3 8.
dxc3 Be7 9. Qxd8+ Nxd8 10. Bf4 f6 11. Rad1 Bd7 12. Nd2 Bc6 13. Ne4 Rc8 14. Bd6
Nf7 15. Bxe7 Kxe7 16. Rfe1 b6 17. c4 Rhd8 18. Nc3 Bxg2 19. Kxg2 Ne5 20. b3 Nc6
21. Nd5+ Kf7 22. Ne3 g5 23. c3 h5 24. f4 gxf4 25. gxf4 f5 26. Rxd8 Rxd8 27. Rd1
Rxd1 28. Nxd1 Ne7 29. Nf2 Kf6 30. Nd3 Ng6 31. Kg3 h4+ 32. Kh3 e5 33. fxe5+ Nxe5
34. Nf4 Nf3 35. Kg2 Nd2 36. Kh3 Nf3 37. Kg2 Ng5 38. b4 Ne4 39. bxc5 Nxc5 40.
Kh3 Kg5 41. Ng2 Ne4 42. Nxh4 Nxc3 43. a3 Nb1 44. Nf3+ Kf4 45. Kg2 Nxa3 46. h4
Nxc4 47. h5 Ne5 0-1

[Event "Ballarat Begonia Open"]
[Site "BallaratTechSchool"]
[Date "2020.03.07"]
[Round "2.7"]
[White "Chapman, Mark"]
[Black "Testolin, Ryder"]
[Result "1-0"]
[WhiteElo "2376"]
[BlackElo "1759"]
[PlyCount "67"]
[EventDate "2020.03.??"]
[EventType "swiss"]
[EventRounds "7"]
[EventCountry "AUS"]
[SourceVersionDate "2020.03.07"]

1. e4 e6 2. d4 d5 3. Nc3 Nf6 4. e5 Nfd7 5. f4 c5 6. Nf3 Nc6 7. Be3 cxd4 8. Nxd4
Bc5 9. Qd2 O-O 10. O-O-O a6 11. Kb1 Bxd4 12. Bxd4 b5 13. h4 b4 14. Ne2 a5 15.
Ng3 Ba6 16. Bxa6 Rxa6 17. Qe2 Ra8 18. c4 bxc3 19. Bxc3 Qb6 20. Ne4 Nc5 21. Nd6
Rfb8 22. Rh3 a4 23. a3 Qa7 24. f5 Rb3 25. Rg3 Rab8 26. Qd2 Qb6 27. Rxg7+ Kxg7
28. f6+ Kh8 29. Nxf7+ Kg8 30. Qg5+ Kf8 31. Qg7+ Ke8 32. Nd6+ Kd8 33. Nc4 Qb5
34. Ba5+ 1-0

[Event "Ballarat Begonia Open"]
[Site "BallaratTechSchool"]
[Date "2020.03.07"]
[Round "2.13"]
[White "Archer, Saffron"]
[Black "Lo, Willis"]
[Result "1/2-1/2"]
[WhiteElo "1683"]
[BlackElo "2106"]
[PlyCount "131"]
[EventDate "2020.03.??"]
[EventType "swiss"]
[EventRounds "7"]
[EventCountry "AUS"]
[SourceVersionDate "2020.03.07"]

1. e4 e5 2. Nf3 Nc6 3. d4 exd4 4. Nxd4 Nf6 5. Nc3 Bb4 6. Nxc6 bxc6 7. Bd3 d5 8.
exd5 O-O 9. O-O Bg4 10. Be2 Bxe2 11. Nxe2 cxd5 12. Bg5 c6 13. Nd4 Qd6 14. c3
Bc5 15. Re1 Ne4 16. Be3 Bb6 17. Qe2 Rfe8 18. Rad1 Rad8 19. Qd3 h6 20. Nf5 Qf6
21. Bxb6 axb6 22. Qf3 Nd2 23. Qd3 Nc4 24. Qc2 Nxb2 25. Nxh6+ Qxh6 26. Qxb2 b5
27. Re2 Rxe2 28. Qxe2 Qd6 29. h3 Qa3 30. Qc2 Ra8 31. Rd2 Ra4 32. Re2 g6 33. Qd2
Rc4 34. Qh6 Qf8 35. Qe3 b4 36. cxb4 Qxb4 37. Qe8+ Qf8 38. Qd7 Rc1+ 39. Kh2 Qb8+
40. g3 Qb1 41. Qe8+ Kg7 42. Qe5+ Kh7 43. Qf6 Qf5 44. Qxf5 gxf5 45. Rd2 Kg6 46.
Kg2 Kf6 47. a4 Ke5 48. Ra2 d4 49. a5 Rb1 50. a6 Rb8 51. a7 Ra8 52. Kf3 c5 53.
Ke2 c4 54. Ra5+ Kd6 55. h4 Ke6 56. Ra6+ Ke7 57. h5 f6 58. h6 Kf7 59. h7 Kg7 60.
Rc6 Rxa7 61. Rxc4 Ra2+ 62. Ke1 d3 63. Rd4 Re2+ 64. Kf1 Rd2 65. Ke1 Re2+ 66. Kf1
1/2-1/2

[Event "Ballarat Begonia Open"]
[Site "BallaratTechSchool"]
[Date "2020.03.07"]
[Round "2.23"]
[White "Milojevic, Miodrag"]
[Black "Van Sebille, Sulia"]
[Result "1-0"]
[WhiteElo "1902"]
[BlackElo "1635"]
[PlyCount "69"]
[EventDate "2020.03.??"]
[EventType "swiss"]
[EventRounds "7"]
[EventCountry "AUS"]
[SourceVersionDate "2020.03.07"]

1. e4 e5 2. Nf3 Nc6 3. Bc4 Bc5 4. O-O Nf6 5. d4 Bxd4 6. Nxd4 Nxd4 7. Bg5 O-O 8.
f4 d6 9. f5 b5 10. c3 Nc6 11. Bxb5 Bb7 12. Kh1 Nb8 13. Qe2 Nbd7 14. Bxd7 Qxd7
15. Bxf6 gxf6 16. c4 c6 17. Nc3 Rad8 18. Rad1 Qc7 19. Rf3 Kh8 20. Qe3 Rg8 21.
Qh6 Qe7 22. Rh3 Rg7 23. Rdd3 Rdg8 24. Rdg3 Qd8 25. Rg4 d5 26. Rgh4 Re8 27. Rg3
Reg8 28. Rd3 d4 29. Ne2 c5 30. b4 cxb4 31. Rdh3 Re8 32. Ng3 d3 33. Nh5 Reg8 34.
Nxf6 d2 35. Qxh7+ 1-0

[Event "Ballarat Begonia Open"]
[Site "BallaratTechSchool"]
[Date "2020.03.07"]
[Round "2.32"]
[White "Lu, Lillian"]
[Black "Gao, Arthur"]
[Result "0-1"]
[WhiteElo "1908"]
[BlackElo "1384"]
[PlyCount "49"]
[EventDate "2020.03.??"]
[EventType "swiss"]
[EventRounds "7"]
[EventCountry "AUS"]
[SourceVersionDate "2020.03.07"]

1. e4 c5 2. c3 Nf6 3. e5 Nd5 4. d4 cxd4 5. Nf3 e6 6. cxd4 d6 7. Bc4 Nb6 8. Bb3
Nc6 9. O-O Be7 10. Qe2 O-O 11. Rd1 Qc7 12. Nc3 a6 13. Bf4 d5 14. Rac1 Bd7 15.
Bc2 Rfc8 16. Bb1 Qd8 17. Qd3 g6 18. g3 Nc4 19. Qe2 Qb6 20. b3 Na3 21. Na4 Qa7
22. Nc5 Nxd4 23. Nxd4 Bxc5 24. Be3 Nb5 25. Nf5 0-1

[Event "Ballarat Begonia Open"]
[Site "BallaratTechSchool"]
[Date "2020.03.07"]
[Round "2.42"]
[White "O'Carroll, Om"]
[Black "Cook, Patrick"]
[Result "1-0"]
[WhiteElo "1236"]
[BlackElo "1590"]
[PlyCount "95"]
[EventDate "2020.03.??"]
[EventType "swiss"]
[EventRounds "7"]
[EventCountry "AUS"]
[SourceVersionDate "2020.03.07"]

1. e4 e6 2. Nc3 d5 3. Nf3 Nf6 4. e5 Nfd7 5. Be2 c5 6. O-O Nc6 7. Bb5 Be7 8. Re1
O-O 9. d3 Qc7 10. Bf4 a6 11. Bxc6 Qxc6 12. Ne2 b5 13. c3 Bb7 14. d4 Rac8 15.
Rc1 f6 16. exf6 Bxf6 17. Qd3 Rce8 18. Ng3 Qb6 19. Ne5 Nxe5 20. Bxe5 Bxe5 21.
Rxe5 g6 22. Rce1 Rf6 23. Rg5 Ref8 24. Nh5 Rf5 25. Rxf5 Rxf5 26. Ng3 Rf4 27. Qe3
Rf6 28. dxc5 Qc7 29. Qe5 Qxe5 30. Rxe5 Kf7 31. Ne2 Rf5 32. Rxf5+ exf5 33. f4 h6
34. Nd4 Ke7 35. Kf2 Bc8 36. Nc6+ Kf6 37. Na7 Be6 38. c6 Ke7 39. c7 Kd6 40. c8=Q
Bxc8 41. Nxc8+ Kd7 42. Nb6+ Kc6 43. Na8 g5 44. Ke3 Kb7 45. Kd4 Kc6 46. Ke5 gxf4
47. Kxf4 a5 48. Kxf5 1-0

[Event "Ballarat Begonia Open"]
[Site "BallaratTechSchool"]
[Date "2020.03.08"]
[Round "3.1"]
[White "Litchfield, Frederick"]
[Black "Zhao, Zong Yuan"]
[Result "1/2-1/2"]
[WhiteElo "2064"]
[BlackElo "2524"]
[PlyCount "89"]
[EventDate "2020.03.??"]
[EventType "swiss"]
[EventRounds "7"]
[EventCountry "AUS"]
[SourceVersionDate "2020.03.07"]

1. d4 Nf6 2. c4 e6 3. Nc3 Bb4 4. e3 O-O 5. Bd3 d5 6. Nge2 c5 7. cxd5 cxd4 8.
exd4 Nxd5 9. O-O Nc6 10. a3 Be7 11. Qc2 g6 12. Bh6 Re8 13. Rad1 Bf6 14. Ne4 Bg7
15. Qc1 Nce7 16. Rfe1 b6 17. N2g3 Bb7 18. Bxg7 Kxg7 19. Qg5 Ng8 20. Qe5+ f6 21.
Qd6 Nh6 22. Bb5 Re7 23. f3 Nf7 24. Qxd8 Rxd8 25. Ne2 Nd6 26. Nxd6 Rxd6 27. Rc1
g5 28. Red1 f5 29. Kf2 h5 30. Rd2 Rc7 31. Rxc7+ Nxc7 32. Nc3 e5 33. d5 g4 34.
Bc4 Kf6 35. Ba2 Ba6 36. Rc2 Nb5 37. Nxb5 Bxb5 38. Rc8 Rd7 39. Bb3 Rd6 40. Rf8+
Kg5 41. Ke3 Bf1 42. Kf2 Bd3 43. Ke3 Bf1 44. Kf2 Bd3 45. Ke3 1/2-1/2

[Event "Ballarat Begonia Open"]
[Site "BallaratTechSchool"]
[Date "2020.03.08"]
[Round "3.2"]
[White "Ly, Moulthun"]
[Black "Sheldrick, Kevin"]
[Result "1-0"]
[WhiteElo "2479"]
[BlackElo "2037"]
[PlyCount "77"]
[EventDate "2020.03.??"]
[EventType "swiss"]
[EventRounds "7"]
[EventCountry "AUS"]
[SourceVersionDate "2020.03.07"]

1. e4 Nf6 2. e5 Nd5 3. d4 d6 4. Nf3 dxe5 5. Nxe5 g6 6. Bc4 c6 7. O-O Be6 8. Re1
Bg7 9. Nd2 Nd7 10. Nef3 N7b6 11. Bf1 O-O 12. h3 Qc7 13. c3 c5 14. Nb3 cxd4 15.
Nbxd4 Bc8 16. Qb3 e5 17. Nb5 Qb8 18. c4 Ne7 19. Be3 Nd7 20. Qa3 Nc6 21. Rad1
Re8 22. c5 h6 23. Nd6 Re7 24. b4 e4 25. Nd2 f5 26. b5 Nd4 27. Nxc8 Qxc8 28. c6
Rf7 29. cxd7 Rxd7 30. Nc4 Kh7 31. Qa4 Qf8 32. Ne5 Bxe5 33. Bxd4 Bc7 34. b6 Rxd4
35. Qxd4 Bxb6 36. Qb2 Rd8 37. Bc4 Rxd1 38. Rxd1 Qe7 39. Bb5 1-0

[Event "Ballarat Begonia Open"]
[Site "BallaratTechSchool"]
[Date "2020.03.08"]
[Round "3.3"]
[White "Lam, Ross"]
[Black "Fernandez, Daniel Howard"]
[Result "0-1"]
[WhiteElo "2054"]
[BlackElo "2477"]
[PlyCount "74"]
[EventDate "2020.03.??"]
[EventType "swiss"]
[EventRounds "7"]
[EventCountry "AUS"]
[SourceVersionDate "2020.03.07"]

1. d4 d6 2. c4 e5 3. e3 g6 4. Nc3 Nc6 5. Nf3 Bg7 6. Be2 Nge7 7. d5 Nb8 8. e4 h6
9. h3 Nd7 10. g4 a5 11. Be3 f5 12. gxf5 gxf5 13. exf5 Nxf5 14. Ne4 Nf6 15. Qc2
O-O 16. Nxf6+ Qxf6 17. O-O-O Nxe3 18. fxe3 Bf5 19. e4 Bh7 20. Nd2 c6 21. Bg4 h5
22. Be6+ Kh8 23. Rdf1 Qh4 24. Kb1 Rxf1+ 25. Rxf1 Rf8 26. Bf5 Bh6 27. Nb3 a4 28.
Na5 Rxf5 29. exf5 Qxh3 30. Qf2 cxd5 31. Ka1 Bd2 32. f6 a3 33. Qf3 Qh2 34. f7
axb2+ 35. Kxb2 Bc1+ 36. Kb3 Qb2+ 37. Ka4 b5+ 0-1

[Event "Ballarat Begonia Open"]
[Site "BallaratTechSchool"]
[Date "2020.03.08"]
[Round "3.4"]
[White "Morris, James"]
[Black "Ilic, Nicholas"]
[Result "1-0"]
[WhiteElo "2475"]
[BlackElo "1949"]
[PlyCount "51"]
[EventDate "2020.03.??"]
[EventType "swiss"]
[EventRounds "7"]
[EventCountry "AUS"]
[SourceVersionDate "2020.03.07"]

1. e4 c5 2. Nf3 d6 3. d4 cxd4 4. Nxd4 Nf6 5. Nc3 g6 6. g3 Bg7 7. Bg2 O-O 8. O-O
Nc6 9. Nde2 Be6 10. Nf4 Bc4 11. Re1 e5 12. Nfd5 Bxd5 13. exd5 Ne7 14. a4 Ne8
15. a5 Nc7 16. Ne4 h6 17. c4 f5 18. Nxd6 Qxd6 19. c5 Qxc5 20. d6 Ncd5 21. dxe7
Nxe7 22. Qb3+ Kh7 23. Be3 Qc7 24. Rec1 Qd7 25. Qxb7 Qe6 26. Rc7 1-0

[Event "Ballarat Begonia Open"]
[Site "BallaratTechSchool"]
[Date "2020.03.08"]
[Round "3.5"]
[White "Beaumont, David"]
[Black "McClymont, Brodie"]
[Result "0-1"]
[WhiteElo "1951"]
[BlackElo "2410"]
[PlyCount "56"]
[EventDate "2020.03.??"]
[EventType "swiss"]
[EventRounds "7"]
[EventCountry "AUS"]
[SourceVersionDate "2020.03.07"]

1. d4 g6 2. e4 d6 3. Nc3 Bg7 4. Be3 a6 5. a4 Nf6 6. h3 Nc6 7. Nf3 O-O 8. Be2 e5
9. dxe5 dxe5 10. Bc5 Re8 11. O-O b6 12. Be3 Bb7 13. Bc4 Na5 14. Ba2 Qe7 15. Ng5
Rf8 16. Nd5 Bxd5 17. exd5 Nb7 18. c4 e4 19. h4 h6 20. Nh3 Nd6 21. a5 bxa5 22.
Bc5 Nd7 23. Ba3 Qxh4 24. c5 Nf5 25. c6 Ne5 26. Bxf8 Nf3+ 27. Kh1 Be5 28. Bc5
Qg3 0-1